000
00258nam a2200097Ia 4500
008
190216s9999||||xx |||||||||||||| ||und||
100
_a
Thomas Lee Growell Jr
245
0
_a
Glossary Of Phrases With Prepositions
260
_b
Pentice Hall Of India
942
_c
REF
999
_c
35091
_d
35091